Southville International School and Colleges
Your cart is empty.
  • Cart
  • Lists
    Public lists Eva Luna New books Lux_list list_1
    Your lists Log in to create your own lists
  • Log in to your account
  • Your cookies
  • Search history
Southville International School and Colleges
  • Advanced search
  • Recent comments
  • Most popular
  • Libraries

Log in to your account

Log in with GOOGLE


If you do not have an external account, but do have a local account, you can still log in:

  1. Home
  2. MARC view: Comprehensive computing the GCSE course /
Normal view MARC view ISBD view

Comprehensive computing the GCSE course / (Record no. 14263)

[ view plain ]
MARC details
000 -LEADER
fixed length control field 00637nam a2200193 a 4500
003 - CONTROL NUMBER IDENTIFIER
control field PILC
005 - DATE AND TIME OF LATEST TRANSACTION
control field 20150112093428.0
008 - FIXED-LENGTH DATA ELEMENTS--GENERAL INFORMATION
fixed length control field 100712s19uu xx 00 eng d
020 ## - INTERNATIONAL STANDARD BOOK NUMBER
International Standard Book Number 9780713176698
050 ## - LIBRARY OF CONGRESS CALL NUMBER
Classification number QA 76
Item number .B622 1988
082 ## - DEWEY DECIMAL CLASSIFICATION NUMBER
Classification number CSF 004
Item number B54 1988
100 ## - MAIN ENTRY--PERSONAL NAME
Personal name Bishop, Peter
9 (RLIN) 5848
245 ## - TITLE STATEMENT
Title Comprehensive computing the GCSE course /
Statement of responsibility, etc Peter Bishop
260 ## - PUBLICATION, DISTRIBUTION, ETC. (IMPRINT)
Place of publication, distribution, etc London :
Name of publisher, distributor, etc Hodder & Stoughton,
Date of publication, distribution, etc 1988.
300 ## - PHYSICAL DESCRIPTION
Extent 317 pages :
Other physical details colored illustration ;
Dimensions 28 cm.
500 ## - GENERAL NOTE
General note Includes index.
650 ## - SUBJECT ADDED ENTRY--TOPICAL TERM
Topical term or geographic name as entry element Computer Science
General subdivision Information Technology
-- Computer Networks
-- Artificial Intelligence
9 (RLIN) 5849
942 ## - ADDED ENTRY ELEMENTS (KOHA)
Source of classification or shelving scheme Library of Congress Classification
Koha item type Books
Holdings
Withdrawn status Lost status Source of classification or shelving scheme Damaged status Home library Current library Shelving location Date acquired Total Checkouts Full call number Barcode Date last seen Copy number Price effective from Koha item type
    Library of Congress Classification   Southville International School Affiliated with Foreign Universities Library Southville International School Affiliated with Foreign Universities Library Southville Foreign University Section 07/29/2013   QA 76 .B622 1988 SFU0002 05/15/2018 1 07/29/2013 Books
    Library of Congress Classification   Southville International School Affiliated with Foreign Universities Library Southville International School Affiliated with Foreign Universities Library Southville Foreign University Section 07/29/2013   QA 76 .B622 1988 SFU0003 05/15/2018 2 07/29/2013 Books

Comprehensive computing the GCSE course /

APA

Bishop P., . (1988). Comprehensive computing the GCSE course. London: Hodder & Stoughton.

Chicago

Bishop Peter, . 1988. Comprehensive computing the GCSE course. London: Hodder & Stoughton.

Harvard

Bishop P., . (1988). Comprehensive computing the GCSE course. London: Hodder & Stoughton.

MLA

Bishop Peter, . Comprehensive computing the GCSE course. London: Hodder & Stoughton. 1988.

  • Place hold
  • Print
  • Cite
  • Add to your cart (remove)
  • Save record
    BIBTEX Dublin Core MARCXML MARC (non-Unicode/MARC-8) MARC (Unicode/UTF-8) MARC (Unicode/UTF-8, Standard) MODS (XML) RIS
  • More searches
    Search for this title in:
    Other Libraries (WorldCat) Other Databases (Google Scholar) Online Stores (Bookfinder.com) Open Library (openlibrary.org)

Exporting to Dublin Core...

SOUTHVILLE LIBRARY

Southville International School and Colleges Library

1281 Tropical Ave. Cor. Luxembourg St., BF Homes International, Las Pinas City

Tel. No. 8256374 / 252358 Loc. 117/146

Powered by Koha